[Event "Gibraltar Masters 16th"]
[Site "Caleta"]
[Date "2018.01.24"]
[Round "8"]
[White "Reuben, Stewart"]
[Black "Bullock, Lee"]
[Result "1-0"]
[WhiteElo "2045"]
[BlackElo "1572"]
[PlyCount "119"]
[EventDate "2018.01.23"]
[EventType "swiss"]
[EventRounds "10"]
[EventCountry "GGB"]
[SourceTitle "CBM 183"]
[Source "ChessBase"]
[SourceDate "2018.03.14"]
[SourceVersion "1"]
[SourceVersionDate "2018.03.14"]
[SourceQuality "1"]

1. d4 d6 2. g3 c6 3. Bg2 Nd7 4. c4 e5 5. Nc3 Be7 6. e4 Ngf6 7. Nge2 Qc7 8. 0-0 Nf8 9. f4 Ng6 10. h3 Bd7 11. Be3 h6 12. dxe5 dxe5 13. f5 Nf8 14. Qa4 N8h7 15. c5 0-0 16. Qc4 b5 17. cxb6 axb6 18. Nd5 Nxd5 19. exd5 c5 20. d6 Bxd6 21. Bxa8 Rxa8 22. Nc3 Nf6 23. Nb5 Qc6 24. Nxd6 Qxd6 25. Rad1 Qc6 26. a3 Ra4 27. Qd3 Bc8 28. Qd8+ Kh7 29. Qd6 Qe4 30. Qd3 Qxd3 31. Rxd3 Ba6 32. Rd6 Bxf1 33. Kxf1 Re4 34. Kf2 Rc4 35. Rxb6 Nd5 36. Rb5 Nf6 37. b3 Rc3 38. a4 Rc2+ 39. Kf3 e4+ 40. Kf4 Nd5+ 41. Kxe4 Nxe3 42. Kxe3 Rc3+ 43. Kf4 g5+ 44. fxg6+ Kxg6 45. a5 c4 46. b4 Ra3 47. Rb6+ f6 48. Rc6 c3 49. Ke4 Rb3 50. Kd4 Rxb4+ 51. Kxc3 Ra4 52. a6 Ra3+ 53. Kb4 Ra1 54. Kb5 Rb1+ 55. Ka5 h5 56. a7 Kf5 57. Ra6 Ra1+ 58. Kb5 Rb1+ 59. Kc4 Rc1+ 60. Kd3 1-0

[Event "Gibraltar Masters 16th"]
[Site "Caleta"]
[Date "2018.01.23"]
[Round "1"]
[White "Reuben, Stewart"]
[Black "Paehtz, Elisabeth"]
[Result "0-1"]
[WhiteElo "2045"]
[BlackElo "2464"]
[PlyCount "92"]
[EventDate "2018.01.23"]
[EventType "swiss"]
[EventRounds "10"]
[EventCountry "GGB"]
[SourceTitle "CBM 183"]
[Source "ChessBase"]
[SourceDate "2018.03.14"]
[SourceVersion "1"]
[SourceVersionDate "2018.03.14"]
[SourceQuality "1"]

1. c4 g6 2. g3 Bg7 3. Bg2 d6 4. Nc3 e5 5. e3 Ne7 6. Nge2 0-0 7. 0-0 Nd7 8. d4 a6 9. b4 a5 10. b5 Re8 11. Ba3 exd4 12. exd4 Nb6 13. Qd3 Bf5 14. Be4 Bxe4 15. Nxe4 Nxc4 16. Qxc4 d5 17. Qc2 dxe4 18. Qxe4 Nf5 19. Qf3 Qd7 20. Rab1 Qe6 21. Nc1 Nxd4 22. Qxb7 Rab8 23. Qxc7 Qe4 24. Rb3 Rbc8 25. Qf4 Qxf4 26. gxf4 Nxb3 27. Nxb3 Rb8 28. Nxa5 Rxb5 29. Nc4 Ra8 30. Rc1 h5 31. Kg2 Bh6 32. Bd6 Rxa2 33. Ne3 Rbb2 34. Rc8+ Kh7 35. Be5 Rxf2+ 36. Kg3 Bg7 37. Nc4 Rg2+ 38. Kf3 Rgc2 39. Ke4 Bxe5 40. fxe5 Ra4 41. Kd5 Kh6 42. Rh8+ Kg7 43. Rc8 g5 44. Rc7 Raxc4 45. Rxc4 Rxc4 46. Kxc4 Kg6 0-1

[Event "BCF-ch Seniors 65"]
[Site "Llandudno"]
[Date "2017.08.05"]
[Round "7"]
[White "Vickery, Jim"]
[Black "Reuben, Stewart"]
[Result "1/2-1/2"]
[WhiteElo "1953"]
[BlackElo "2074"]
[PlyCount "24"]
[EventDate "2017.07.30"]
[EventType "swiss"]
[EventRounds "7"]
[EventCountry "WLS"]
[SourceTitle "CBM 179 Extra"]
[Source "ChessBase"]
[SourceDate "2017.08.23"]
[SourceVersion "1"]
[SourceVersionDate "2017.08.23"]
[SourceQuality "1"]

1. d4 Nf6 2. Nf3 c5 3. c3 e6 4. Bg5 Be7 5. e3 b6 6. Nbd2 h6 7. Bh4 0-0 8. Bd3 Ba6 9. Bxa6 Nxa6 10. Qe2 Nc7 11. e4 d6 12. 0-0 Nh5 1/2-1/2

[Event "EU-chT Seniors 65"]
[Site "Novi Sad"]
[Date "2017.06.26"]
[Round "2.2"]
[White "Milosavac, Ljubomir"]
[Black "Reuben, Stewart"]
[Result "1-0"]
[WhiteElo "2092"]
[BlackElo "2074"]
[PlyCount "101"]
[EventDate "2017.06.25"]
[EventType "team-tourn"]
[EventRounds "9"]
[EventCountry "SRB"]
[SourceTitle "CBM 179 Extra"]
[Source "ChessBase"]
[SourceDate "2017.08.23"]
[SourceVersion "1"]
[SourceVersionDate "2017.08.23"]
[SourceQuality "1"]
[WhiteTeam "Serbia Gerontologic Centar 65"]
[BlackTeam "England 65"]
[WhiteTeamCountry "SRB"]
[BlackTeamCountry "ENG"]

1. e4 c5 2. Nc3 g6 3. f4 Bg7 4. Nf3 Nc6 5. Bc4 e6 6. d3 Nge7 7. 0-0 0-0 8. Bb3 d5 9. e5 Nf5 10. g4 Nfd4 11. Ne2 Nxf3+ 12. Rxf3 Qh4 13. g5 d4 14. Bd2 h6 15. Qf1 hxg5 16. Rh3 Qg4+ 17. Rg3 Qh4 18. Rxg5 Ne7 19. Qg2 Nf5 20. Ng3 Bh6 21. Nxf5 exf5 22. Rxg6+ Kh7 23. Rg3 Be6 24. Qh3 Qxh3 25. Rxh3 Rg8+ 26. Kf2 Rg4 27. Rg1 Rag8 28. Rxg4 Rxg4 29. c3 Bxb3 30. axb3 Kg6 31. Rg3 Kh5 32. Kf3 Rxg3+ 33. hxg3 Bf8 34. Be1 b5 35. Bf2 dxc3 36. bxc3 a5 37. Be3 a4 38. bxa4 bxa4 39. Bc1 Be7 40. Ba3 Bf8 41. c4 Be7 42. d4 Bf8 43. d5 f6 44. d6 fxe5 45. fxe5 Kg6 46. g4 Kg5 47. Bxc5 fxg4+ 48. Ke4 g3 49. d7 Bxc5 50. d8Q+ Kg4 51. Qg8+ 1-0

[Event "EU-chT Seniors 65"]
[Site "Novi Sad"]
[Date "2017.06.25"]
[Round "1.3"]
[White "Rantanen, Veikko J"]
[Black "Reuben, Stewart"]
[Result "1-0"]
[WhiteElo "1985"]
[BlackElo "2074"]
[PlyCount "151"]
[EventDate "2017.06.25"]
[EventType "team-tourn"]
[EventRounds "9"]
[EventCountry "SRB"]
[SourceTitle "CBM 179 Extra"]
[Source "ChessBase"]
[SourceDate "2017.08.23"]
[SourceVersion "1"]
[SourceVersionDate "2017.08.23"]
[SourceQuality "1"]
[WhiteTeam "Finland Turku 65"]
[BlackTeam "England 65"]
[WhiteTeamCountry "FIN"]
[BlackTeamCountry "ENG"]

1. e4 c6 2. d4 d5 3. Nc3 dxe4 4. Nxe4 Nd7 5. Nf3 Ndf6 6. Ng3 Bg4 7. Be2 Nh5 8. Nxh5 Bxh5 9. 0-0 e6 10. c4 Nf6 11. Be3 Bd6 12. h3 Qc7 13. Re1 0-0 14. Rc1 Rfd8 15. Qa4 Bf4 16. Qb3 Bxe3 17. fxe3 Qb6 18. Qxb6 axb6 19. a3 Bg6 20. Ne5 Be4 21. Red1 h6 22. Kf2 Ra5 23. g4 Bh7 24. Bf3 Ne4+ 25. Bxe4 Bxe4 26. Nf3 Ra4 27. Ne5 f6 28. Nf3 Bxf3 29. Kxf3 f5 30. Kf4 Ra5 31. Rc3 g5+ 32. Kg3 Rd6 33. Rf1 f4+ 34. exf4 Rxd4 35. fxg5 hxg5 36. Re1 Kf7 37. b4 Ra8 38. Rf3+ Ke7 39. Rfe3 Kd7 40. Rc1 Rf8 41. Rcc3 Kd6 42. c5+ bxc5 43. Rxc5 Rd5 44. Rc4 Rf1 45. Rce4 e5 46. h4 Rf4 47. hxg5 Rxe4 48. Rxe4 Rd3+ 49. Kh4 Rxa3 50. g6 Ke6 51. Kg5 Rh3 52. g7 Kf7 53. Rxe5 Kxg7 54. Re7+ Kf8 55. Rxb7 Rb3 56. Kf6 Kg8 57. Kg6 Kf8 58. g5 c5 59. b5 c4 60. Rc7 c3 61. Kf6 Ke8 62. g6 c2 63. Rxc2 Rxb5 64. Rc8+ Kd7 65. Rf8 Rb6+ 66. Kg7 Rb7 67. Rf4 Ke7 68. Re4+ Kd8+ 69. Kg8 Rb1 70. Re5 Kd7 71. g7 Kd6 72. Re4 Kd7 73. Kf7 Rf1+ 74. Kg6 Rg1+ 75. Kf6 Rf1+ 76. Kg5 1-0

[Event "WchT Seniors 65"]
[Site "Hersonissos"]
[Date "2017.04.26"]
[Round "3.4"]
[White "Reuben, Stewart"]
[Black "Bevan, Peter M"]
[Result "1-0"]
[WhiteElo "2077"]
[BlackElo "1933"]
[PlyCount "73"]
[EventDate "2017.04.24"]
[EventType "team-swiss"]
[EventRounds "9"]
[EventCountry "GRE"]
[SourceTitle "CBM 178 Extra"]
[Source "ChessBase"]
[SourceDate "2017.06.22"]
[SourceVersion "1"]
[SourceVersionDate "2017.06.22"]
[SourceQuality "1"]
[WhiteTeam "England"]
[BlackTeam "Wales"]
[WhiteTeamCountry "ENG"]
[BlackTeamCountry "WLS"]

1. c4 f5 2. e4 fxe4 3. d3 g6 4. dxe4 Bg7 5. Nf3 Nc6 6. Nc3 d6 7. Be2 Nf6 8. Bf4 0-0 9. Qd2 e5 10. Bg5 Bg4 11. 0-0-0 Bxf3 12. gxf3 Nd4 13. f4 h6 14. fxe5 Nxe2+ 15. Qxe2 hxg5 16. exf6 Qxf6 17. Rd2 c6 18. Qg4 Qe5 19. h4 Rf4 20. Qxg5 Raf8 21. Qxg6 Rxf2 22. Qxd6 Qxd6 23. Rxd6 Bxc3 24. bxc3 Rf1+ 25. Rxf1 Rxf1+ 26. Kc2 Rf4 27. Rd7 Rxe4 28. Rxb7 Rxc4 29. Rb4 Rc5 30. Rb8+ Kg7 31. Rb7+ Kg6 32. Rxa7 Rc4 33. Rc7 Kf6 34. Kb3 Rc5 35. a4 Ke6 36. Kb4 Kd6 37. Rd7+ 1-0

[Event "BCF-chT3S 1617 (4NCL) Promotion pool"]
[Site "England"]
[Date "2017.03.19"]
[Round "8.42"]
[White "Okhai, Shabir"]
[Black "Reuben, Stewart"]
[Result "1/2-1/2"]
[WhiteElo "2114"]
[BlackElo "2067"]
[PlyCount "207"]
[EventDate "2016.11.26"]
[EventType "team-tourn"]
[EventRounds "11"]
[EventCountry "ENG"]
[SourceTitle "EXT 2019"]
[Source "ChessBase"]
[SourceDate "2018.10.10"]
[SourceVersion "1"]
[SourceVersionDate "2018.10.10"]
[SourceQuality "1"]
[WhiteTeam "Fermented Sharks"]
[BlackTeam "MK Phoenix"]
[WhiteTeamCountry "ENG"]
[BlackTeamCountry "ENG"]

1. e4 c5 2. Nf3 Nc6 3. Bb5 d6 4. 0-0 Bd7 5. Re1 g6 6. c3 Bg7 7. a4 Qb6 8. Na3 a6 9. Bf1 Na5 10. Nc4 Nxc4 11. Bxc4 Nf6 12. e5 Ng4 13. Bxf7+ Kxf7 14. e6+ Ke8 15. exd7+ Kxd7 16. a5 Qb5 17. Nd4 cxd4 18. Qxg4+ Qf5 19. Qxf5+ gxf5 20. c4 Rac8 21. d3 e5 22. b3 Rhe8 23. f3 d5 24. Bb2 Bh6 25. Bc1 Bxc1 26. Raxc1 Kd6 27. b4 dxc4 28. dxc4 e4 29. Kf2 Ke5 30. g3 Red8 31. Red1 Rc6 32. Ke2 Rh6 33. Rh1 Rh3 34. Rcd1 e3 35. Kd3 f4 36. Rdg1 Rd7 37. gxf4+ Kxf4 38. Rg8 Rh5 39. Rf8+ Rf5 40. Re8 Rff7 41. Rf1 Rde7 42. Rd8 Rd7 43. Re8 h5 44. Re4+ Kf5 45. Rg1 Rfe7 46. h4 Rxe4 47. fxe4+ Kf4 48. c5 Re7 49. Rf1+ Kg3 50. Kxd4 e2 51. Re1 Kf2 52. Rh1 e1Q 53. Rxe1 Kxe1 54. e5 Kf2 55. Kd5 Kg3 56. Kd6 Re8 57. e6 Kxh4 58. Kd7 Rh8 59. e7 Kg5 60. e8Q Rxe8 61. Kxe8 h4 62. b5 axb5 63. a6 bxa6 64. c6 h3 65. c7 h2 66. c8Q h1Q 67. Qxa6 Qh8+ 68. Kd7 Qd4+ 69. Kc6 b4 70. Qa5+ Kf4 71. Qa4 Qc4+ 72. Kb6 Ke3 73. Qe8+ Kd2 74. Qa4 Kc3 75. Qa1+ Kd3 76. Qf1+ Kd4 77. Qf6+ Kd3 78. Qf1+ Kc3 79. Qc1+ Kb3 80. Qb1+ Ka3 81. Qa1+ Qa2 82. Qc1+ Qb2 83. Qc5 Qc3 84. Qe7 Qd4+ 85. Kb5 Qd5+ 86. Kb6 Kb3 87. Qe1 Qd4+ 88. Kb5 Qc4+ 89. Kb6 Qc3 90. Qe6+ Kb2 91. Qe2+ Qc2 92. Qe5+ Ka3 93. Qa1+ Qa2 94. Qc1+ Qb2 95. Qc5 Qc3 96. Qe7 Ka2 97. Qe2+ Kb1 98. Qd1+ Kb2 99. Qe2+ Kc1 100. Qf1+ Kc2 101. Qe2+ Qd2 102. Qe4+ Kb2 103. Qe5+ Qc3 104. Qe2+ 1/2-1/2

[Event "BCF-chT3Sa 1617 (4NCL)"]
[Site "England"]
[Date "2017.03.18"]
[Round "7.24"]
[White "Reuben, Stewart"]
[Black "Crombleholme, Alan K"]
[Result "1-0"]
[WhiteElo "2080"]
[BlackElo "2045"]
[PlyCount "167"]
[EventDate "2016.11.26"]
[EventType "team-tourn"]
[EventRounds "11"]
[EventCountry "ENG"]
[SourceTitle "EXT 2019"]
[Source "ChessBase"]
[SourceDate "2018.10.10"]
[SourceVersion "1"]
[SourceVersionDate "2018.10.10"]
[SourceQuality "1"]
[WhiteTeam "MK Phoenix"]
[BlackTeam "Surbiton"]
[WhiteTeamCountry "ENG"]
[BlackTeamCountry "ENG"]

1. c4 e5 2. Nc3 Nc6 3. g3 g6 4. Bg2 Bg7 5. e3 d6 6. Nge2 Be6 7. d4 Bxc4 8. d5 Bxe2 9. Qxe2 Nce7 10. Qb5+ Kf8 11. Qxb7 a6 12. e4 Qb8 13. Qxb8+ Rxb8 14. Bf1 Ra8 15. Be3 Nf6 16. Be2 h5 17. f3 Bh6 18. Bxh6+ Rxh6 19. 0-0-0 Kg7 20. Rd2 Rhh8 21. Rhd1 Rhb8 22. Rc2 Ne8 23. Na4 Nc8 24. Rc6 Nb6 25. Nc3 Kf8 26. Rd2 Rb7 27. Rc2 Ke7 28. b3 Rba7 29. b4 Nd7 30. Nd1 Nb8 31. R6c3 Rb7 32. a3 a5 33. b5 Nd7 34. Nb2 Nc5 35. Nd3 Na4 36. Rc4 Nb6 37. Rc6 Kd8 38. f4 f6 39. g4 hxg4 40. Bxg4 Nd7 41. Bxd7 Kxd7 42. a4 Ke7 43. h4 Kf7 44. Rh2 Ng7 45. Rhc2 Ne8 46. Rf2 Ke7 47. Kd2 Ng7 48. Ke3 Rh8 49. Rh2 Ra7 50. Kf3 Nh5 51. Rg2 Nxf4 52. Nxf4 exf4 53. Rxg6 f5 54. exf5 Rxh4 55. Rc4 Kf7 56. Rxf4 Rh1 57. Rfg4 Ra8 58. Rc4 Rf1+ 59. Kg4 Rg1+ 60. Kf4 Rf1+ 61. Kg5 Rg1+ 62. Rg4 Rxg4+ 63. Kxg4 Rh8 64. b6 cxb6 65. Rxd6 Rb8 66. f6 b5 67. axb5 Rxb5 68. Kf5 Rb1 69. Rd7+ Ke8 70. Re7+ Kf8 71. Ke6 Re1+ 72. Kd6 Rf1 73. Re6 a4 74. Kc7 Rc1+ 75. Kd7 Rc5 76. d6 a3 77. Re2 Kf7 78. Kd8 Ra5 79. Ra2 Kxf6 80. d7 Ra8+ 81. Kc7 Ra7+ 82. Kc8 Ra8+ 83. Kb7 Rd8 84. Kc7 1-0